00396 2200145 4500001002100000008004100021035002000062245003100082100002200113260003900135300001700174082001800191650002800209990001300237INLIS000000000000295 ind  a0010-0423000295 aKISAH PARA PAHLAWAN BANGSA aTRIFIA IKRANEGARA aSURABAYAbBINTANG USAHA JAYAc2013 ahlm.c21 cm. a809.933 520 3 aPAHLAWAN - ENSIKLOPEDIA a102733-1